| 000 | 00476cam a2200169 i 4500 | ||
|---|---|---|---|
| 001 | 19043077 | ||
| 005 | 20241029115743.0 | ||
| 008 | 160405s2015 gh b 001 0 eng | ||
| 020 | _a9789988212810 | ||
| 050 | 0 | 0 |
_aKRX47 _b.A38 2015 |
| 100 | 1 | _aAdu-Gyamfi, Derick. | |
| 245 | 1 | 0 |
_aLegal reference book / _cDerick Adu-Gyamfi, B.A(Hons), LL.B(Hons). |
| 250 | _aSecond edition. | ||
| 300 |
_axlviii, 490 pages ; _c25 cm |
||
| 650 | 0 |
_aLegal research _zGhana. |
|
| 942 |
_2lcc _cBK _n0 |
||
| 999 |
_c339 _d339 |
||